000 00773nam a22002657a 4500
001 0011402
003 DO-SdBNP
005 20180205152257.0
007 0011402
008 160914b 1994 sp||||| |||| 00| 0 spa d
020 _a9788420620831
040 _aBPMSU
_bspa
_cBPMSU
092 _axxxxxxxxx
_bxxxxxxxxx
100 1 _aTruyol y Serra, Antonio
245 1 3 _aLa sociedad internacional /
_cAntonio Truyol y Serra
250 _a2a ed.
260 _aMadrid :
_bAlianza,
_c1994.
300 _a241 p. :
_c20 cm.
490 1 _aAlianza universidad
_v83
500 _aEl fin de la era de Yalta y la revolución del este europeo.
830 0 _aAlianza universidad
_n83
942 _2ddc
_cBK
945 _aInventariado, 2018/ YL
956 _aBTAVÁREZ
_b10
_c20161409
_d0011402
999 _c11381
_d11381